000 01142naa a22002897a 4500
001 BR6007070
003 BR-BrBNA
005 20240918172922.0
007 ta
008 230509b bl.||||| |||| 00| 0 por d
040 _aBR-BrBNA
_bpor
_cBiblioteca Nacional de Agricultura
041 _a(Pt)
072 _aH60
_b3876
090 _aH60 BR6007070
100 1 _aLandeiro, R.
111 1 _a5. Seminario Brasileiro de Herbicidas e Ervas Daninhas
_cCruz das Almas, BA (Brazil)
_d27 Jul 1964
245 1 _aNota previa sobre o intervalo de aplicacao de varios herbicidas totais, em diferentes dosagens, em relacao com a capina a enxada
260 3 _aCruz das Almas, BA (Brasil):
_c1964.
500 _aAnais do 5. Seminario Brasileiro de Herbicidas e Ervas Daninhas Cruz das Almas, BA (Brasil): 1964. p. 50-54 (BR6007070-AM)H60
650 _aERVA DANINHA
650 _aHERBICIDA
650 _aCONTROLE QUIMICO
650 _aCAPINA
773 0 _tAnais do 5. Seminario Brasileiro de Herbicidas e Ervas Daninhas
_wH60 BR6007070
_gCruz das Almas, BA (Brasil), 1964. p. 50-54
909 _a202404
_bLucia
_c55
_dLucia Elande
942 _cAM
_2AGRIS
999 _c302067
_d302067